000 00746nam a2200265Ia 4500
008 160404s9999 xx 000 0 und d
020 _a971-23-1932-6
050 _aFIL NX 280
050 _b.P36 1969
100 _aPanizo, Alfredo.
245 _aIntroduction to art appreciation and aesthetics :
245 _ban approach to the humanities /
245 _cAlfredo Panizo, Erlinda F. Rustia.
260 _aManila :
260 _bRex Book Store, Inc.,
260 _c1969
300 _a179 pages ;
300 _billustrations ;
300 _c22 cm.
500 _aIncludes bibliographical references.
650 _aArts -- Study and teaching.
650 _aHumanities.
650 _xAesthetics.
650 _xArt appreciation.
999 _c293346
_d293346